000 01509nam0a2200337 4500
001 RU\NLR\BIBL_A\022665259
005 20251126155647.0
010 _a978-5-905154-87-4
_9200
021 _aRU
_bКН-П-25-059946
_9КН-П-25-5775
035 _a(NLR Aleph) 022665259
090 _a13470431
_c13470431
100 _a20251113d2025 u y0rusy50 ca
101 0 _arus
102 _aRU
105 _aac z 010yy
181 0 _ai
_baxxe
181 0 _ab2
_bbb2e
182 0 _an
200 1 _aИстория и развитие пожарных машин
_eавтомобили на шасси ЗИЛ-130 и ЗИЛ-133
_fАлександр Говоруха
_gПрилукский завод ППО
203 _aТекст
_aИзображение
_bвизуальные
_cнепосредственные
210 _aТула
_cБорус-Принт
_d2025
215 _a255 с.
_cил., цв. ил., портр.
_d31
300 _aКн. содерж. QR-коды на доп. информ.
300 _aНа тит. л.: 60-летию начала серийного производства пожарных машин на шасси ЗИЛ-130 посвящается
606 1 _aПожарные автомобили
_xИстория
_92475589
_3RU\NLR\AUTH\6601686787
686 1 _aН960.2-521г
700 1 _aГоворуха
_bА. В.
_gАлександр Васильевич
942 _cBOOK
980 _aNB